Statistics for Lets Learn About The Pearl Of The Indian Ocean Sri Lanka

Click here to take the quiz!

General Stats

  • This quiz has been taken 221 times
  • The average score is 5 of 15

Answer Stats

HintAnswer% Correct
Sri Lanka's Position In The Top 10 Tea Exporting Countries In 20081
82%
Capital CitySri Jayawardenapura Kotte
80%
Main ReligionBuddhism
74%
Main LanguageSinhala
71%
Won The Cricket World Cup In Which Year1996
57%
Massive Column Of Rock Nearly 200 Metres High Often Named As The Lion RockSigiriya
35%
National AnthemSri Lanka Matha
33%
Current President of Sri lankaMaithreepala Sirisena
13%
World's First Female Prime MinisterSirimavo Bandaranaike
13%
National FlowerBlue Lotus
9%
Sri Lankan Airline SloganYour'e Our World
5%
New HDI Rank92
4%
The First HighwayGalle Highway
2%
The Only Sri Lankan In Bollywood Film IndustryJacqueline Fernandaz
1%
Newly Opened Airport ( place) In 2013Mattala / Hambanthota
1%

Score Distribution

Percentile by Number Answered

Percent of People with Each Score

Your Score History

You have not taken this quiz